000 00478nam a2200205Ia 4500
003 GCL
008 140319s9999 xx 000 0 eng d
040 _aGCL /
_cGCL
082 0 4 _a746.664
_bB T
100 1 _aTIE DYEING
245 1 0 _aTIE - DYEING /
_cTIE DYEING
700 1 _aDYEING
700 1 _aBUCHANAN, CELLA
260 _a[S.N] :
_bTHE APPLE PRESS ،
_c1995
300 _a48
650 0 4 _aTIE DYEING
650 0 4 _aHANDCRAFT
650 0 4 _aDYEING
942 _2ddc
_cBK
999 _c24225
_d24225